Normal view
MARC view
- بقلم أبو خضر، مأمون يوسف
Entry Personal Name
001 - CONTROL NUMBER
- control field: 11902
003 - CONTROL NUMBER IDENTIFIER
- control field: JO-AjAnu
005 - DATE AND TIME OF LATEST TRANSACTION
- control field: 20230606072217.0
008 - FIXED-LENGTH DATA ELEMENTS
- fixed length control field: 230606|| aca||aabn | a|a d
040 ## - CATALOGING SOURCE
- Original cataloging agency: JO-AjAnu
- Transcribing agency: JO-AjAnu
100 ## - HEADING--PERSONAL NAME
- Personal name: بقلم أبو خضر، مأمون يوسف
670 ## - SOURCE DATA FOUND
- Source citation: Work cat.: (JO-AjAnu)6131: بقلم أبو خضر، مأمون يوسف, author, الرقم (3) والرقم(7) ومعادلة الحياة، ج4